MARC details
| 000 -LEADER |
| fixed length control field |
00991nam a2200241 a 4500 |
| 008 - FIXED-LENGTH DATA ELEMENTS--GENERAL INFORMATION |
| fixed length control field |
060424s1997 ||||||||||||||||| || u |
| 020 ## - INTERNATIONAL STANDARD BOOK NUMBER |
| International Standard Book Number |
1557756198 |
| 050 ## - LIBRARY OF CONGRESS CALL NUMBER |
| Classification number |
IMF(02) |
| 100 ## - MAIN ENTRY--PERSONAL NAME |
| Personal name |
Lenain, Patrick |
| 245 10 - TITLE STATEMENT |
| Title |
Ukraine : accelerating the transition to market : proceedings of an IMF/World Bank seminar |
| 260 ## - PUBLICATION, DISTRIBUTION, ETC. |
| Place of publication, distribution, etc. |
Washington, DC : |
| Name of publisher, distributor, etc. |
International Monetary Fund |
| Date of publication, distribution, etc. |
1997 |
| 260 ## - PUBLICATION, DISTRIBUTION, ETC. |
| Place of publication, distribution, etc. |
Washington, DC : |
| Name of publisher, distributor, etc. |
World Bank |
| Date of publication, distribution, etc. |
1997 |
| 300 ## - PHYSICAL DESCRIPTION |
| Extent |
xi, 291 p. : ill. |
| 350 ## - PRICE (NR) (BK AM CF MU VM SE) [OBSOLETE] |
| Price |
0.00 |
| 650 ## - SUBJECT ADDED ENTRY--TOPICAL TERM |
| Topical term or geographic name entry element |
UKRAINE - SOCIAL POLICY - CONGRESSES |
| 650 ## - SUBJECT ADDED ENTRY--TOPICAL TERM |
| Topical term or geographic name entry element |
UKRAINE--ECONOMIC POLICY--1991---CONGRESSES |
| 650 ## - SUBJECT ADDED ENTRY--TOPICAL TERM |
| Topical term or geographic name entry element |
POST- COMMUNISM - ECONOMIC ASPECTS - UKRAINE - CONGRESSES |
| 650 ## - SUBJECT ADDED ENTRY--TOPICAL TERM |
| Topical term or geographic name entry element |
UKRAINE - ECONOMIC CONDITIONS - 1991- - CONGRESSES |
| 700 ## - ADDED ENTRY--PERSONAL NAME |
| Personal name |
Cornelius, Peter, 1960- |
| 710 ## - ADDED ENTRY--CORPORATE NAME |
| Corporate name or jurisdiction name as entry element |
World Bank |
| 710 ## - ADDED ENTRY--CORPORATE NAME |
| Corporate name or jurisdiction name as entry element |
International Monetary Fund |
| 995 ## - RECOMMENDATION 995 [LOCAL, UNIMARC FRANCE] |
| -- |
0.00 |
| -- |
CBU-MAIN LIBRARY (Kitwe) |
| -- |
1 |
| -- |
0.00 |
| -- |
1 |
| -- |
AVAILABLE |
| -- |
Annex Low-Usage Collection |